Central Library and Information Centre
Sibsagar Girls' College, Sivasagar : Assam

AN INTRODUCTION TO THE EMBRYOLOGY OF ANGIOSPERMS (Record no. 6331)

MARC details
000 -LEADER
fixed length control field 00413cam a2200169ua 4500
008 - FIXED-LENGTH DATA ELEMENTS--GENERAL INFORMATION
fixed length control field 120105n1994 II |||gr||||Z||||||eng
040 ## - CATALOGING SOURCE
Original cataloging agency MAIN
041 ## - LANGUAGE CODE
-- English
082 ## - DEWEY DECIMAL CLASSIFICATION NUMBER
Classification number 590 MAH
100 ## - MAIN ENTRY--PERSONAL NAME
Personal name MAHESWARI, P.
245 ## - TITLE STATEMENT
Title AN INTRODUCTION TO THE EMBRYOLOGY OF ANGIOSPERMS
260 ## - PUBLICATION, DISTRIBUTION, ETC.
Place of publication, distribution, etc. LONDON
Name of publisher, distributor, etc. MCGREW HILL BOOK
Date of publication, distribution, etc. 1994
300 ## - PHYSICAL DESCRIPTION
Extent 453:
Dimensions 22CM.
942 ## - ADDED ENTRY ELEMENTS (KOHA)
Koha item type Books
653 ## - INDEX TERM--UNCONTROLLED
Uncontrolled term Animals (Zoology)
Holdings
Withdrawn status Lost status Damaged status Not for loan Collection code Home library Current library Shelving location Date acquired Full call number Barcode Date last seen Copy number Price effective from Koha item type Public note
        REFBOT Central Library and Information Centre Sibsagar Girls College Central Library and Information Centre Sibsagar Girls College BOTANY BOOK RACK 05.02.1997 590 MAH 14293 27.02.2020 1 27.02.2020 Books V


Sibsagar Girl's College © 2020. All rights reserved.
Powered by Koha.
Maintained by Abhijit Borpuzari.